1941 1543 1699 1034 1490 1503 1548 1545 1589 1962 1170 1842 1450 1668 1464 1086 1960 1631 1402 1342 1713 1407 1735 1367 1014 1249 1793 1825 1483 1593 1896 1352 1310 1514 1649 1605 1701 1624 1964 1760 1320 1162 1099 1355 1479 1530 1628 1230 1866 1650 1600 1878 1266 1736 1492 1207 1505 1925 1357 1187 1228 1210 1599 1795 1185 1980 1700 1085 1358 1196 1318 1661 1774 1428 1866 1967 1332 1951 1618 1396 1190 1588 1232 1857 1495 1440 1456 1637 1687 1360 1680 1646 1504 1942 1341 1925 1713 1422 1186 BCNSPRNW ULIB Ver.6.0+V

เปลี่ยนเป็นภาษาไทย

Change to English
 แสดงรายละเอียดบรรณานุกรม
  กลับหน้าหลัก

Brief Record : Get Marc (ISO 2709) : E-mail record : QR code < ปิดหน้าต่าง
LEADER : 00000nam 2200000uu 4500
001    13399123173
003     ULIB
008    200557s2551||||th 000 0 tha d
020    ^a9789740566434
090    ^aนว.^bภ111ร
100 0  ภคมน
245 00 ^aรักวุ่นวายหนุ่มหน้าใสกะยัยขี้เหร่/^cภคมน
250    ^aพิมพ์ครั้งที่ 1
260    ^aกรุงเทพฯ :^bนกฮูก,^c2551
300    ^a256หน้า
710 1  ^aนกฮูก
945    ^p215^l0^i20321
995    ^aทศพร
999    ^aทศพร เกษรทอง
รายการนี้ยังไม่มีแท็ก
คุณยังไม่ได้ล็อกอิน คุณสามารถมีกิจกรรมร่วมกับเว็บไซต์ได้ แต่ต้องล็อกอินก่อน ::
  ล็อกอิน

รายการสื่อสารสนเทศ

ลำดับที่ ประเภท เลขเรียก/บาร์โค้ด สถานที่ สถานะ
1. นวนิยาย
นวนิยาย
นว. ภ111ร ฉ.1 
  Barcode: 20321
ห้องสมุดวิทยาเขตนครสวรรค์
►นวนิยาย:l:Fiction
บนชั้น

BibComment


ยังไม่เคยถูกคอมเมนท์

คอมเมนท์ทรัพยากรรายการนี้
  คอมเมนท์: รักวุ่นวายหนุ่มห..


 Copyright 2026. Bcnsprnw @Library